| 000 | 00586nam a2200169 4500 | ||
|---|---|---|---|
| 001 | 131561 | ||
| 003 | ES-MaACL | ||
| 005 | 20230906194014.0 | ||
| 007 | t| | ||
| 008 | 070214s1967 fr r ||||1| fre d | ||
| 100 | 1 |
_aRodríguez Aranda, Luis. _998344 |
|
| 245 | 1 | 0 |
_aPhilosophie espagnole ou pensée espagnole? / _cLuis Rodríguez Aranda. |
| 260 |
_a[s.l.] : _bPresses Universitaires de France, _c1967. |
||
| 300 |
_a11 p. ; _c24 cm. |
||
| 500 | _aEs tirada aparte de la Revue Philosophique de la France et de l'entranger, avril-juin, 1967. | ||
| 852 |
_aES-MaACL _j2062-F-1 _bR.64405 |
||
| 999 |
_c131561 _d131561 |
||